000
00294nam a22001217a 4500
082
_a
891.4391
_b
KAM
100
_a
Tabish Kamal
245
_a
Noor-e- Mubeen (PBUH)
_c
Tabish Kamal
260
_a
Rawalpindi
_b
Kamal Publications
_c
2019
300
_a
216p
563
_a
H.B
942
_2
ddc
_c
BK
999
_c
595385
_d
595385